Solar energy: fundamentals and applications (Record no. 12530)

000 -LEADER
fixed length control field 00430nam a22001697a 4500
020 ## - INTERNATIONAL STANDARD BOOK NUMBER
International Standard Book Number 9780074636312
082 ## - DEWEY DECIMAL CLASSIFICATION NUMBER
Classification number 621.47 GAR
100 ## - MAIN ENTRY--PERSONAL NAME
Personal name Garg, H.P.
245 ## - TITLE STATEMENT
Title Solar energy: fundamentals and applications
250 ## - EDITION STATEMENT
Edition statement 1st ed. (Revised)
260 ## - PUBLICATION, DISTRIBUTION, ETC.
Place of publication, distribution, etc. New Delhi, India
Name of publisher, distributor, etc. McGraw Hill
Date of publication, distribution, etc. 2000
300 ## - PHYSICAL DESCRIPTION
Extent xviii, 434 p.
Other physical details ill. ;
500 ## - GENERAL NOTE
General note Includes index.
650 ## - SUBJECT ADDED ENTRY--TOPICAL TERM
Topical term or geographic name entry element Solar energy.
700 ## - ADDED ENTRY--PERSONAL NAME
Personal name Prakash, J.
942 ## - ADDED ENTRY ELEMENTS (KOHA)
Koha item type Book
Holdings
Withdrawn status Lost status Damaged status Not for loan Collection code Permanent Location Current Location Shelving location Date acquired Source of acquisition Cost, normal purchase price Total Checkouts Full call number Barcode Date last seen Date last checked out Price effective from Koha item type
          Central Library (CL) Central Library (CL) General Stacks 12/27/2013 Multi-Line Books 931.48 2 621.47 GAR SEECS012879 11/15/2021 03/07/2020 01/06/2014 Book
© 2023 Central Library, National University of Sciences and Technology. All Rights Reserved.